Statistics for Diplomatic Missions of Cuba

Click here to take the quiz!

General Stats

  • This quiz has been taken 33 times
  • The average score is 181 of 266

Answer Stats

MissionAnswer% Correct
CountryUnited States
100%
CountryDominican Republic
95%
CountryBrazil
91%
CountryChile
91%
CountryCosta Rica
91%
CountryHaiti
91%
CountryPanama
91%
EmbassyPanama City
91%
CountryUnited Kingdom
91%
CountryVenezuela
91%
CountryBelize
86%
EmbassyBrasília
86%
CountryCanada
86%
CountryChina
86%
CountryColombia
86%
CountryEl Salvador
86%
CountryGuatemala
86%
EmbassyGuatemala City
86%
CountryItaly
86%
CountryJamaica
86%
EmbassyLondon
86%
CountryMexico
86%
EmbassyMexico City
86%
CountryNetherlands
86%
Permanent MissionNew York City
86%
CountryRussia
86%
CountrySaint Kitts and Nevis
86%
EmbassySan Salvador
86%
CountrySouth Africa
86%
CountrySpain
86%
CountryTrinidad and Tobago
86%
CountryUkraine
86%
CountryVietnam
86%
EmbassyWashington D.C.
86%
CountryAustralia
82%
CountryBahamas
82%
CountryBelgium
82%
CountryBolivia
82%
CountryDominica
82%
CountryGuyana
82%
CountryHonduras
82%
CountryIndia
82%
CountryIreland
82%
EmbassyKingston
82%
EmbassyKingstown
82%
EmbassyMadrid
82%
EmbassyMoscow
82%
CountryNicaragua
82%
EmbassyPort-au-Prince
82%
CountryRomania
82%
EmbassyRome
82%
CountrySaint Lucia
82%
EmbassySan José
82%
EmbassySantiago de Chile
82%
Consulate-GeneralSantiago de Compostela
82%
CountrySuriname
82%
CountrySweden
82%
CountryThailand
82%
CountryUnited Arab Emirates
82%
CountryAntigua and Barbuda
77%
EmbassyBeijing
77%
EmbassyBogotá
77%
EmbassyBrussels
77%
CountryBulgaria
77%
EmbassyCanberra
77%
EmbassyCaracas
77%
CountryDemocratic Republic of the Congo
77%
CountryEgypt
77%
CountryEthiopia
77%
CountryFrance
77%
EmbassyGeorgetown
77%
CountryGermany
77%
CountryGreece
77%
CountryIndonesia
77%
CountryMorocco
77%
EmbassyNassau
77%
EmbassyNew Delhi
77%
CountryNorth Korea
77%
EmbassyOttawa
77%
CountryPakistan
77%
CountryParaguay
77%
Embassy | Permanent MissionParis
77%
CountryPeru
77%
CountryPoland
77%
CountryRepublic of the Congo
77%
CountrySaint Vincent and the Grenadines
77%
EmbassySanto Domingo
77%
CountrySaudi Arabia
77%
CountryVatican City
77%
CountryZambia
77%
CountryZimbabwe
77%
EmbassyAddis Ababa
73%
CountryAlgeria
73%
EmbassyAlgiers
73%
CountryAngola
73%
CountryAustria
73%
CountryAzerbaijan
73%
EmbassyBangkok
73%
CountryBarbados
73%
Consulate-GeneralBarcelona
73%
EmbassyBelize City
73%
EmbassyCairo
73%
CountryCambodia
73%
CountryDenmark
73%
CountryGhana
73%
EmbassyJakarta
73%
CountryJapan
73%
CountryKazakhstan
73%
CountryKenya
73%
EmbassyKyiv
73%
EmbassyLima
73%
CountryNew Zealand
73%
CountryNiger
73%
CountryNigeria
73%
CountryNorway
73%
EmbassyPretoria
73%
CountryQatar
73%
CountrySerbia
73%
Consulate-GeneralShanghai
73%
Country | EmbassySingapore
73%
EmbassyStockholm
73%
CountrySwitzerland
73%
Consulate-GeneralToronto
73%
CountryTurkey
73%
CountryUruguay
73%
EmbassyVienna
73%
EmbassyAbu Dhabi
68%
EmbassyAsunción
68%
EmbassyAthens
68%
EmbassyBaku
68%
EmbassyBerlin
68%
EmbassyBucharest
68%
EmbassyCopenhagen
68%
EmbassyDublin
68%
CountryEcuador
68%
CountryFinland
68%
Permanent MissionGeneva
68%
CountryGrenada
68%
EmbassyHanoi
68%
CountryIran
68%
CountryLaos
68%
EmbassyLa Paz
68%
CountryLebanon
68%
CountryMalaysia
68%
Consulate-GeneralMilan
68%
EmbassyMontevideo
68%
Consulate-GeneralMontreal
68%
EmbassyNur-Sultan
68%
EmbassyParamaribo
68%
EmbassyPyongyang
68%
EmbassyRiyadh
68%
Consulate-GeneralSão Paulo
68%
CountrySenegal
68%
EmbassySofia
68%
CountryTanzania
68%
EmbassyTokyo
68%
EmbassyTunis
68%
CountryUganda
68%
EmbassyAccra
64%
EmbassyAnkara
64%
CountryBelarus
64%
CountryBenin
64%
EmbassyDakar
64%
EmbassyDar Es Salaam
64%
Country | EmbassyDjibouti
64%
CountryGuinea
64%
CountryGuinea-Bissau
64%
EmbassyHelsinki
64%
EmbassyIslamabad
64%
EmbassyKinshasa
64%
EmbassyKuala Lumpur
64%
CountryLiberia
64%
EmbassyLuanda
64%
EmbassyManagua
64%
CountryMozambique
64%
EmbassyNairobi
64%
EmbassyOslo
64%
EmbassyPhnom Penh
64%
EmbassyPort of Spain
64%
EmbassyRabat
64%
CountrySierra Leone
64%
CountrySlovakia
64%
CountrySri Lanka
64%
CountrySyria
64%
EmbassyTegucigalpa
64%
CountryTunisia
64%
EmbassyBeirut
59%
EmbassyBelgrade
59%
EmbassyBern
59%
CountryBotswana
59%
EmbassyBratislava
59%
EmbassyBridgetown
59%
Consular officeCancún
59%
CountryCzechia
59%
EmbassyDoha
59%
CountryGabon
59%
Consulate-GeneralGuangzhou
59%
CountryHungary
59%
CountryKuwait
59%
EmbassyKuwait City
59%
CountryMongolia
59%
Consulate-GeneralMonterrey
59%
CountryNamibia
59%
EmbassyPrague
59%
EmbassyQuito
59%
EmbassySt. John's
59%
EmbassyTehran
59%
EmbassyWarsaw
59%
EmbassyWellington
59%
EmbassyAbuja
55%
EmbassyBrazzaville
55%
EmbassyBudapest
55%
CountryBurkina Faso
55%
CountryCyprus
55%
CountryEquatorial Guinea
55%
Consulate-GeneralHo Chi Minh City
55%
CountryMali
55%
EmbassyRoseau
55%
Consulate-GeneralRotterdam
55%
Consulate-GeneralSeville
55%
Consulate-GeneralValencia
55%
EmbassyVientiane
55%
EmbassyWindhoek
55%
EmbassyBasseterre
50%
EmbassyBissau
50%
CountryCape Verde
50%
EmbassyColombo
50%
EmbassyConakry
50%
EmbassyDamascus
50%
EmbassyFreetown
50%
CountryGambia
50%
EmbassyHarare
50%
EmbassyMinsk
50%
EmbassyNiamey
50%
EmbassySt. George's
50%
EmbassyThe Hague
50%
EmbassyUlaanbaatar
50%
EmbassyCotonou
45%
CountryFiji
45%
EmbassyGaborone
45%
EmbassyKampala
45%
EmbassyLibreville
45%
EmbassyLusaka
45%
Consulate-GeneralMérida
45%
EmbassyMonrovia
45%
EmbassyNicosia
45%
Consulate-GeneralSanta Cruz de la Sierra
45%
EmbassyBamako
41%
Diplomatic officeBonn
41%
EmbassyMaputo
41%
CountrySeychelles
41%
EmbassyBanjul
36%
EmbassyMalabo
36%
EmbassyOuagadougou
36%
CountryEast Timor
32%
EmbassyPraia
32%
EmbassySuva
32%
EmbassyDili
27%
Consulate-GeneralLas Palmas
27%
EmbassyVictoria
27%
Consulate-GeneralVeracruz
23%
EmbassyGros Islet
9%

Score Distribution

Percentile by Number Answered

Percent of People with Each Score

Your Score History

You have not taken this quiz